[Event "Gibraltar Masters 18th"]
[Site "Caleta"]
[Date "2020.01.29"]
[Round "9"]
[White "Raja, Harshit"]
[Black "Vaibhav, Suri"]
[Result "0-1"]
[WhiteElo "2482"]
[BlackElo "2593"]
[Annotator "Vaibhav,Suri"]
[PlyCount "64"]
[EventDate "2020.01.21"]
[EventType "swiss"]
[EventRounds "10"]
[EventCountry "GGB"]
[SourceTitle "CBM 194 Extra"]
[Source "ChessBase"]
[SourceDate "2020.03.31"]
[SourceVersion "1"]
[SourceVersionDate "2020.03.31"]
[SourceQuality "1"]

{[%evp 0,64,25,23,35,0,-1,-17,-36,-22,-18,-29,-18,-37,3,4,-3,-7,25,50,7,21,10,
10,22,-4,21,-7,67,11,-5,-17,-34,-2,-2,-30,-35,-16,-23,-23,-20,-21,-46,-58,-25,
-21,-70,-44,-30,-30,-21,-21,26,-66,-86,-180,-175,-204,-186,-266,-234,-324,-242,
-370,-449,-726,-793]} 1. d4 {Surprise! My opponent has exclusively played 1.e4
his entire chess career.} Nf6 2. c4 e6 3. g3 d5 4. Nf3 dxc4 {I have been quite
loyal to the main line with 4...Be7 and 5...0-0 in the Catalan, but in this
game decided to try something new - or perhaps I was just scared to enter in
my opponent's preparation :)} (4... Be7 5. Bg2 O-O 6. O-O dxc4 {This is
undoubtedly the most solid way to counter the Catalan.}) 5. Bg2 c5 6. O-O Nc6
7. dxc5 Qxd1 8. Rxd1 Bxc5 9. Nbd2 c3 10. bxc3 O-O 11. Nb3 Be7 {I think by this
moment both of us were out of our preparation as he was taking too much time.
My objective was to get a normal position which is unfamiliar to both of us.}
12. Nfd4 (12. c4 Bd7 13. Bb2 Rfd8 14. Nfd4 {leads to a heavily researched
variation which probably is White's best chance to get some advantage in this
line.} Rac8 (14... Rab8 $5 15. Nxc6 Bxc6 16. Rxd8+ Rxd8 17. Bxc6 bxc6 18. Bxf6
Bxf6 19. Rc1 {[%cal Gc4c5,Gc1c4] 1-0 (36) Giri,A (2780)-Wojtaszek,R (2749)
Shenzhen CHN 2018. White won a very nice model endgame for this pawn structure.
})) 12... Bd7 13. Nb5 (13. Nxc6 Bxc6 14. Bxc6 bxc6 15. c4 {should not pose too
serious problems for Black:} Rfb8 (15... a5 $5)) 13... Rac8 $2 {Played
impulsively which turned out to be a serious mistake. Black must hurry to get
rid of the knight on b5.} (13... Ne5 $1 {seems the strongest move according to
our silicon friend which I totally overlooked during the game.} 14. Ba3 Bxa3
15. Nxa3 Rac8 $11 {½-½ (30) Lysyj,I (2596)-Kryvoruchko,Y (2669) Mali Losinj
CRO 2019: should lead to easy equality for Black.}) 14. Be3 (14. Bf4 e5 $1 15.
Be3 b6 (15... Bg4 $5 16. Nxa7 Nxa7 17. Bxa7 Rxc3 $11) 16. c4 Bg4 17. Bf3 Bxf3
18. exf3 Rfd8 $11) 14... b6 15. c4 $2 {Surprisingly, this simple looking
endgame is still quite concrete due to many tactical motifs. This move allows
Black serious counterplay.} (15. Rac1 $1 {[%csl Gb5] A subtle, yet very strong
move. It's very hard for Black to make a useful move. The knight on b5 creates
some serious disturbances in Black's position.} Nd5 (15... Rfd8 16. c4 $16 {
[%csl Ra7] Black is under serious pressure.}) (15... a6 16. Nd6 Rb8 17. Nc4 b5
18. Nd6 $1 $14 {[%csl Rc5]} (18. Nb6 Be8 19. c4 Ng4 20. cxb5 Nxe3 21. bxc6 Nxd1
22. c7 Bb5 $1 23. cxb8=Q Rxb8 24. Nd5 $1 exd5 25. Rxd1 Rd8 {should be drawn.}))
16. c4 (16. Bxd5 exd5 17. c4 (17. Rxd5 Be6 18. Rd2 Bc4 {The worst is over for
Black.}) 17... Nb4 $1 (17... dxc4 18. Rxd7 cxb3 19. axb3 $16) 18. Nc3 $1 (18.
Nxa7 Ra8 19. Bxb6 Ba4 $132) 18... dxc4 19. Rxd7 cxb3 20. axb3 Bc5 21. Bxc5 Rxc5
22. Rxa7 Rfc8 23. Ra4 Nd5 24. Rc4 Rxc4 25. bxc4 Nxc3 (25... Rxc4 26. Ra1 Nc7
27. Nd5 $14) 26. Rxc3 Rc5 {[%cal Gg7g6] This position eventually would reach
the theoretically drawn Rook ending}) 16... Nxe3 17. Rxd7 Nxg2 18. Nxa7 $1 (18.
Kxg2 Rcd8 $1 $11) 18... Nxa7 19. Rxe7 (19. Rxa7 Bg5) 19... Nc6 20. Rb7 Ne5 21.
Rxb6 (21. c5 bxc5 22. Kxg2 (22. Nxc5 Ne1) 22... c4 23. Nd2 Ra8 24. Rc2 Rfc8 25.
Rb4 Rc6 26. a4 {White still has serious practical chances.} (26. f4 Ng4)) 21...
Nxc4 22. Rb4 Nce3 23. Rxc8 Rxc8 24. fxe3 Nxe3 25. a4 $14 {Black still has an
uphill defensive task.}) 15... Nb4 $1 16. Bg5 $2 (16. Nxa7 {was more prudent:}
Rxc4 17. Bxb6 Nfd5 18. Na5 $1 (18. Bd4 $2 Nc2 19. Rac1 Ba3 20. Rb1 Nxd4 21.
Rxd4 Rc7 $19) 18... Rc2 19. a3 Nxb6 20. axb4 Bxb4 21. N5c6 $11) 16... Rfd8 (
16... Rxc4 $2 17. Rxd7 $18) 17. Nd6 Bxd6 18. Rxd6 Ba4 $1 $15 (18... Rxc4 $6 {
gives White a lot of compensation and play for the pawn:} 19. Rad1 Rc7 20. a3 (
20. R6d4 Nxa2 $1) 20... Na6 21. R6d3 $5 {[%csl Rd7,Gg2,Gg5]} Kf8 22. Bf4 Rc4
23. Be5 Ke7 24. Bb7 Nc7 25. e4) 19. Rxd8+ Rxd8 20. c5 Nxa2 $6 (20... bxc5 $2
21. Nxc5 Rd1+ 22. Rxd1 Bxd1 23. Bd2 $1 Nxa2 24. e4 {[%csl Ra2]}) (20... h6 $1 {
was a much stronger move objectively to keep the tension.} 21. Bf4 (21. Bxf6
gxf6 $15 {[%csl Rb3,Gb4] Due to his unccoordinated pieces, White would have
had huge practical problems here}) 21... Nc2 $1 22. Rc1 (22. Rb1 Bxb3 23. axb3
bxc5 $15) 22... Bxb3 23. axb3 Nd4 24. Bf3 Nd5 $1 25. cxb6 Nxf3+ 26. exf3 axb6
$15) 21. Rxa2 (21. Bb7 Bxb3 22. c6 a5 23. c7 Re8 24. f3 (24. c8=Q Rxc8 25. Bxc8
b5 $132) 24... b5 25. e4 a4 26. c8=Q Rxc8 27. Bxc8 Nb4 $1) 21... Bxb3 22. Rb2
$2 (22. Rxa7 $1 {Exchanging pawns, and White's rook would be extremely active
on c7 which should give him sufficient compensation.} bxc5 23. Rc7 {[%csl Gc7]}
c4 24. Bf3 {White should be able to hold this rather easily.} Kf8 (24... h6 25.
Bxf6 gxf6 26. Bh5 $1 $11) 25. Kg2 (25. Bxf6 gxf6 26. Bh5 Rd1+ 27. Kg2 Ke8 $1
$15) 25... Rd7 (25... h6 26. Bxf6 gxf6 27. Bh5) 26. Rc8+ Ke7 27. Bc1) 22... Bc4
23. Rc2 b5 24. Bb7 (24. Bxf6 gxf6 25. Bb7 Rd7 26. c6 Rc7 $19) 24... Rd1+ 25.
Kg2 Ne8 $1 $17 {[%csl Rc2][%cal Ga7a5] The c-pawn is contained whereas Black's
a-pawn is difficult to stop. White's passive rook position adds to his misery.}
26. e4 $6 (26. Bd2 Bxe2 $17) (26. Rd2 $1 {Probably the best practical chance.
White must try to get rid of the passive rook on c2.} Rxd2 27. Bxd2 Bd5+ 28.
Bxd5 exd5 29. Kf3 Kf8 30. e4 Nf6 $1 (30... dxe4+ 31. Kxe4 Ke7 32. Kd5 Kd7 33.
c6+ Kc8 34. Kc5 Nc7 35. f4 {[%csl Gc5]}) 31. exd5 Nxd5 32. Ke4 Nc7 33. Ba5 (33.
Bf4 Ne6 34. Bd6+ Ke8 35. Kd5 b4 36. Kc4 Kd7 $1 37. Kxb4 Kc6 {with very good
winning chances for Black.}) 33... Na6 34. Kd5 Ke7 35. c6 b4 $1 {Black has
decent chances.}) (26. c6 $2 a5 27. Bf4 a4 28. c7 Nxc7 29. Bxc7 Rd7 $19) 26...
a5 27. Bd2 $2 (27. c6 {was more tenacious:} a4 28. Rd2 Rxd2 29. Bxd2 a3 30. Kf3
e5 31. Ke3 g5 $5 (31... f6 32. f4 Kf7 33. Bc3 {White has some chances to hold.}
) 32. Bc3 f6 33. f4 gxf4+ 34. gxf4 exf4+ 35. Kxf4 Kf7) 27... a4 28. Bc6 (28.
Bb4 a3 29. Bxa3 Bf1+ 30. Kf3 Rd3+ 31. Kf4 Rxa3 $19) 28... Nc7 29. Bb4 Na6 30.
Rb2 g5 31. Bxb5 Bxb5 32. Bc3 Bf1+ {With this win I was able to climb to a +3
score in the tournament. Overall, a decent game for me, and showing how easy
is it to miss such strong subtle moves like 15.Rac1 :)} 0-1

[Event "FIDE World Cup"]
[Site "Khanty Mansiysk"]
[Date "2019.09.12"]
[Round "1.2"]
[White "Vidit, Santosh Gujrathi"]
[Black "Pichot, Alan"]
[Result "1-0"]
[WhiteElo "2718"]
[BlackElo "2600"]
[Annotator "Vidit,S"]
[PlyCount "85"]
[EventDate "2019.09.10"]
[EventType "k.o."]
[EventRounds "7"]
[EventCountry "RUS"]
[SourceTitle "CBM 192"]
[Source "ChessBase"]
[SourceDate "2019.10.31"]
[SourceVersion "1"]
[SourceVersionDate "2019.10.31"]
[SourceQuality "1"]

1. Nf3 {The first game of Round 1 had ended in a peaceful draw. Going into
this game, I didn't know what opening to expect from Alan, as he had been
changing his lines quite often.} (1. d4 Nf6 2. c4 e6 3. Nf3 {1-0 (32) Anand,V 
(2787)-Topalov,V (2805) Sofia BUL 2010}) 1... d5 2. d4 Nf6 3. c4 e6 4. g3 dxc4
5. Bg2 c6 $5 {The first surprise. Everything was blitzed instantly. In fact,
throughout the game Alan was playing very quickly. A couple of months ago,
Nikita Vitiugov played c6 against me. It was a very sharp game which
eventually ended in a draw. I didn't repeat the line, as I expected him to
improve on the game.} (5... Bb4+ 6. Bd2 a5 7. Qc2 Bxd2+ 8. Qxd2 c6 9. a4 {
is a more common move order to reach the position in the game.}) 6. a4 {
A more solid approach. Typical for the World Cup!} (6. Ne5 Bb4+ 7. Bd2 Be7 8.
e3 b5 9. Nxc6 Nxc6 10. Bxc6+ Bd7 11. Bxa8 Qxa8 12. f3 e5 $132 13. dxe5 Ng4 14.
O-O Nxe5 15. Bc3 Nd3 16. b3 O-O 17. bxc4 bxc4 18. Nd2 Bh3 19. Nxc4 Bxf1 20.
Kxf1 Rd8 21. Bd4 Bf6 22. Bxf6 gxf6 23. Qe2 Qc8 24. Nd2 Nc1 25. Qe1 Nd3 26. Qe2
Nc1 27. Qe1 Nd3 {1/2-1/2 (27) Vidit,S (2711) -Vitiugov,N (2726) Prague 2019})
6... Bb4+ $5 (6... c5 7. O-O Nc6 8. dxc5 Qxd1 9. Rxd1 Bxc5 10. Nbd2 {leads to
a typical catalan endgame. I feel White has some pressure here.}) 7. Bd2 (7.
Nbd2 b5 {leads to more unclear lines.}) 7... a5 8. Qc2 {By a very strange move
order, we have transposed into a very topical line. Usually this position is
reached via 5...Bb4+.} Bxd2+ 9. Qxd2 b5 $5 {Almost a forgotten line. I
remember first seeing this in the WCh match Anand-Topalov.} (9... Ne4 {is more
trendy, nowadays. The lines are very complex and fun to analyze :)} 10. Qf4 Qb6
11. O-O Qxb2 12. Ne5 O-O 13. Na3 Nc3 14. Qe3 {is one example of a complete
mess!}) 10. axb5 {The most common move.} (10. Na3 {led to the famous Catalan
victory of Vishy over Topalov.} Bd7 11. Ne5 Nd5 12. e4 Nb4 13. O-O O-O 14. Rfd1
Be8 15. d5 Qd6 16. Ng4 Qc5 17. Ne3 N8a6 18. dxc6 bxa4 19. Naxc4 Bxc6 20. Rac1
h6 21. Nd6 Qa7 22. Ng4 Rad8 23. Nxh6+ gxh6 24. Qxh6 f6 25. e5 Bxg2 26. exf6
Rxd6 27. Rxd6 Be4 28. Rxe6 Nd3 29. Rc2 Qh7 30. f7+ Qxf7 31. Rxe4 Qf5 32. Re7 {
1-0 (32) Anand,V (2787)-Topalov,V (2805) Sofia BUL 2010}) 10... cxb5 11. Qg5
O-O 12. Qxb5 Ba6 13. Qa4 (13. Qxa5 Bb7 14. Qxd8 Rxa1 $1 {The point of the
entire variation.} 15. Qxf8+ Kxf8 16. O-O Ra2 $1 $11) 13... Qb6 14. O-O (14.
Nbd2 {I couldn't recall my analysis at this point. I remembered having the
position until 18.Ne5. So I just had to figure out the right move order. Over
the board I realized that starting with Nbd2 is incorrect.} Bb5 $1 (14... Qxb2
15. Rb1 Qc3 16. O-O $18 {Rfc1 comes next}) 15. Qa3 Nc6 {Black has comfortable
development.}) 14... Qxb2 (14... Bb5 {is not so effective like in 14.Nbd2, as
the knight can come to c3, which is a much better square.}) 15. Nbd2 Bb5 16.
Nxc4 Bxa4 17. Nxb2 Bb5 18. Ne5 Ra7 19. Nbc4 $146 {This novelty was suggested
by my good friend, Deep Sengupta. It doesn't change the balance much, but at
least leads to unknown positions, which worked out quite well in the game.}
Nbd7 {Played within a minute's thought. At this point, I sank into a deep
thought. I wanted to squeeze the maximum out of this position.} 20. Nxa5 (20.
Nc6 Rc7 $1 {didn't seem much.}) (20. Rfc1 Nxe5 21. dxe5 Bxc4 22. Rxc4 Nd7 $11)
(20. Rxa5 Rxa5 21. Nxa5 Bxe2 22. Re1 Bh5 {Compared to the game, Black has won
a few tempi.}) 20... Bxe2 21. Rfe1 Bh5 (21... Bb5 22. Nb7 $1 (22. Reb1 Rb8 23.
Bb7 {During the game, I thought this is quite pretty, but apparently it's not
the best.} Raxb7 (23... Ba6 $1 {saves the day, as no fork on c6 seems
sufficient.}) 24. Nxb7 Rxb7 25. Ra5 Ba6 26. Rxb7 Bxb7 27. Ra7 $16 {is the
point.}) 22... Rxa1 23. Rxa1 {with some pressure.}) 22. Nac6 Rxa1 (22... Rc7 $5
23. Rac1 (23. Ne7+ Kh8 24. Rec1 Rxc1+ 25. Rxc1 g5 $1 26. Rc7 Nxe5 27. dxe5 Ng8
28. Nc6 Bg6 {looks like just a draw.}) (23. Rec1 $5) 23... Nb6 24. Rc5 $14) 23.
Rxa1 Nxe5 24. dxe5 Nd7 25. f4 Re8 {My opponent didn't take more than 15-20
minutes for his last 5 moves. I guess he felt that the position is just a draw.
Objectively it should be, but practically I felt it's awkward to play with
Black.} 26. Ra7 Nc5 27. Kf2 Kf8 (27... h6 {with the idea of g5 made more sense.
But the move in the game is also good enough.}) 28. Ke3 {At this point I
started to get a little ambitious. For example there are ideas of going Kd4
and almost trapping the knight on c5!} Bg6 (28... h6 {still seemed better.})
29. g4 (29. Kd4 {doesn't quite work, as the knight has just enough squares to
escape:} Nb3+ 30. Kc4 Nd2+ 31. Kc3 Be4 $1 $11) 29... Rc8 $6 {A strange
decision. It made much more sense to exchange one pair of pawns on the
kingside.} (29... h5 $1 30. h3 hxg4 31. hxg4 {White still keeps some pressure,
but obviously compared to the game it's a much better version.}) 30. Ne7 {
I thought for a long time on this move. And I was quite low on time. I was
trying to work out all the details after Ne7. On the other hand, retreating
the knight to d4 also looked tempting.} (30. f5 exf5 31. gxf5 Bxf5 32. Ne7 Re8
{is the cute point!} 33. Nxf5 Rxe5+ 34. Kf4 Nd3+ 35. Kg3 Rxf5 36. Be4 Re5 37.
Ra8+ Ke7 38. Ra7+ $11) (30. Nd4 f6 (30... Nb3 31. Nxb3 Rc3+ 32. Kd4 Rxb3 33. f5
$1 exf5 34. Ra8+ Ke7 35. Bc6 $1 {The point. It's not easy to avoid mate on e8}
f6 36. Ra7+ Kd8 37. e6 $18) 31. h4 $16 {with pressure.}) 30... Rd8 31. f5 exf5
(31... Rd3+ {starting with check allows some extra options.} 32. Ke2 (32. Kf2 {
was my intention. It would transpose to the next note.}) 32... exf5 33. Nd5 $5
{Surprisingly, the mate threat on a8 is very hard to meet!} (33. Nc6 $5 f6 {
Only move.} 34. e6 fxg4 35. e7+ Kf7 36. Ra8 Ke6 $1 37. e8=Q+ Bxe8 38. Rxe8+ Kf7
39. Ra8 Rd6 {and Black survives.}) 33... Ke8 (33... Rxd5 34. Bxd5 fxg4 35. Ke3
Ne6 {Although, I believe this should be a fortress.}) 34. Rc7 $1 $18) 32. gxf5
Bh5 $6 {Played within few minutes! I was pleasantly surprised :) Clearly going
for active counterplay made more sense.} (32... Rd3+ 33. Kf2 Rd2+ 34. Kg1 Rd1+
35. Bf1 Bh5 36. Nc6 {When I played 30.Ne7 I was trying to understand this
position. I felt it's dangerous, but objectively Black holds quite easily.} (
36. f6 Rd8) 36... f6 $1 (36... Ke8 37. e6 $5 (37. Kf2 Ne4+ 38. Kg2 Rd2+ 39. Kg1
Ng5 $132) 37... fxe6 38. fxe6 Nxe6 39. Re7+ Kf8 40. Rxe6 {I thought this is
winning, but Black survives by a miracle.} Be8 $3 41. Na7 (41. Kf2 Bd7 $1)
41... Bd7 42. Re3 Ra1 $132) (36... g5 $5 37. f6 Ke8 38. Re7+ Kf8 39. Rc7 {
I couldn't see further than this, but the position seemed dangerous for Black.}
Ke8 40. Nb8 Bg4 $1 {and Black kind of survives.}) 37. e6 Be8 $1 38. e7+ Kg8 39.
Nd8 Ne4 $1 $11 {with a series of good moves, Black equalizes.}) 33. Nc6 $6 {
This worked out well in the game, but Nd5 was a better choice as it didn't
allow the option of ...Rd3.} (33. Nd5 $1 Re8 (33... Bg4 $5 34. Ra5 Bh3 $5 {
Not easy to see!} 35. e6 $1 fxe6 36. fxe6 Bxe6 37. Nc7 (37. Rxc5 Bxd5 38. Bxd5
g6 {might objectively hold, although it's still very unpleasant.}) 37... Rd3+
38. Kf2 Bh3 39. Bxh3 Rxh3 40. Kg2 Rc3 41. Rxc5 $1) 34. Kd4 Nb3+ 35. Kc3 Nc1 (
35... Nc5 36. Kc4 {and the knight is trapped!}) 36. Nb6 $1 $16 {with huge
pressure}) 33... Rc8 $2 {Passive defence is terrible. Now all my pieces are
centralized. Black had to go for active play.} (33... Rd3+ 34. Kf2 (34. Kf4 f6
35. exf6 gxf6 36. Rxh7 Bf7 {It's not easy to convert the extra pawn.}) 34... g5
$1 (34... Rd2+ 35. Kg3) 35. h3 $16 {Black still has some problems to solve,
but at least he is active.}) 34. Bd5 $18 {The knight is trapped on c5!} h6 (
34... g5 35. Kd4 Nb3+ 36. Bxb3 Rxc6 37. f6 Rc8 38. e6 fxe6 39. Rxh7 $18) 35.
Kd4 Nb3+ 36. Bxb3 Rxc6 37. Ra8+ Ke7 38. Ba4 $18 {Black can't save the rook and
avoid mate on e8.} Bf3 39. Ra7+ Kf8 40. Bxc6 Bxc6 41. Kc5 Be4 42. Kd6 g5 43. e6
1-0